Pracovné prostredie a jeho význam

Pracovné prostredie nás nevyhnutne ovplyvňuje, pozitívne i negatívne. Ako pôsobí na náš pracovný výkon, na našu motiváciu, únavu, či stres.

Salvato in:
Dettagli Bibliografici
Autore principale: Kopčíková, Mária
Natura: Capitolo di libro
Lingua:slovacco
Soggetti:
Tags: Aggiungi Tag
Nessun Tag, puoi essere il primo ad aggiungerne!!

MARC

LEADER 00000naa a2200000 4500
001 0196289
005 20231120134911.0
041 0 |a slo 
044 |a SK 
245 1 0 |a Pracovné prostredie a jeho význam  |c Mária Kopčíková 
520 |a Pracovné prostredie nás nevyhnutne ovplyvňuje, pozitívne i negatívne. Ako pôsobí na náš pracovný výkon, na našu motiváciu, únavu, či stres. 
610 2 0 |a prostredie pracovné 
610 2 0 |a hluk 
610 2 0 |a svetlo 
610 2 0 |a farby 
610 2 0 |a výkony pracovné 
100 1 |a Kopčíková, Mária